000 00653nam a2200217Ia 4500
001 b3408-25880 [4898]
003 IT-MiCISF
008 161014s9999||||xx |||||||||||||| ||und||
040 _aIT-MiCISF
_cIT-MiCISF
041 _ait
100 _aChiavacci Enrico
245 0 _aEtica e riproduzione
_bUn teologo e un demografo a confronto
250 _a1a ed.
260 _a Firenze
_bLe Lettere
_c1995
300 _app. 110
500 _a / popolazione, etica, sviluppo-economico, chiesa, pianificazione-familiare, aborto, sterilizzazione /
650 _apopolazione
700 _aLivi Bacci Massimo
942 _cBK
957 _71
999 _a25880
_bsi
_g1
_c213960
_d213960